| 000 | 00755cam a22002531 4500 | ||
|---|---|---|---|
| 999 |
_c20430 _d20430 |
||
| 001 | 2639962 | ||
| 003 | BDDh-ASL | ||
| 005 | 20231015025904.0 | ||
| 008 | 730220s1962 stk b 000 0 eng | ||
| 010 | _a 62051017 | ||
| 040 |
_aDLC _cDLC _dDLC _dBDDh-ASL |
||
| 050 | 0 | 0 |
_aDS36.85 _b.I8 no. 1 |
| 082 | 0 | 0 |
_a297.09 _bWAI |
| 100 | 1 |
_aWatt, W. Montgomery _q(William Montgomery) |
|
| 245 | 1 | 0 | _aIslamic Surveys: Islamic philosophy and theology / |
| 260 |
_aEdinburgh: _bUniversity Press _c[1962] |
||
| 300 |
_axxiii, 196 p. _c21 cm. |
||
| 440 | 0 |
_aIslamic surveys, _v1 |
|
| 504 | _aIncludes bibliographies. | ||
| 650 | 0 |
_aIslam _xDoctrines. |
|
| 650 | 0 | _aIslamic philosophy. | |
| 906 |
_a7 _bcbc _corignew _du _eocip _f19 _gy-gencatlg |
||
| 942 |
_2ddc _cBK |
||